000
00285nam a22001217a 4500
082
_a
894.812
_b
ANI/P
100
_a
ANITHA
245
_a
POOCHAYE VARACHAPPOL
246
_a
POOCHAYE VARACHAPPOL
_b
POOCHAYE VARACHAPPOL
260
_a
THRISSUR
_b
KSSP
_c
2023
650
_a
MALAYALAM
942
_c
BK
999
_c
9134
_d
9134